000 00594nam a22001697a 4500
005 20251108165850.0
008 250721s9999 xx 000 0 ara d
082 1 4 _aم/621.38/فار
100 1 _aحسين، فاروق سيد
245 1 0 _aعالم الإتصالات اللاسلكية و الأجهزة الإلكترونية /
264 1 _aبيروت :
_bدار الراتب الجامعية،
_c[19-].
300 _a2مج
650 1 7 _aالمواصلات السلكية و اللأسلكية
650 1 7 _aالهندسة الإلكترونية
942 _2ddc
_cREF
999 _c33312
_d33312